|
|
|
|
| LEADER |
00000nnm a2200000 i 4500 |
| 001 |
dolg21454 |
| 005 |
20190903164939.0 |
| 008 |
190516suuuu hu o 000 hun d |
| 040 |
|
|
|a BGE Dolgozattár Repozitórium
|b hun
|
| 041 |
|
|
|a hu
|
| 100 |
1 |
|
|a Fekete Éva
|
| 245 |
1 |
2 |
|a A Babér Bisztró étlap, itallap elemzése, a választék szakszerű csoportosítása, sorrendje
|c Fekete Éva
|h [elektronikus dokumentum]
|
| 246 |
1 |
1 |
|a A Babér Bisztró étlap, itallap elemzése, a választék szakszerű csoportosítása, sorrendje
|
| 516 |
|
|
|a Project_work
|
| 695 |
|
|
|a Étlap elemzés
|
| 695 |
|
|
|a Itallap elemzés
|
| 700 |
1 |
|
|a Debreceni János
|e ths
|
| 856 |
4 |
0 |
|u http://dolgozattar.uni-bge.hu/21454/1/Fekete_%C3%89va_EUXIPA.pdf
|z Dokumentum-elérés
|
| 856 |
4 |
0 |
|u http://dolgozattar.uni-bge.hu/21454/7/Fekete_%C3%89va_titkos%C3%ADt%C3%A1s.pdf
|z Dokumentum-elérés
|